Justicia colectiva, medio ambiente y democracia participativa

Detalles Bibliográficos
Autor principal: Bonilla Maldonado, Daniel
Formato: eBook
Lenguaje:español
Publicado: Bogot:̀ Universidad de Los Andes (Colombia), 2010
Materias:
Acceso en línea:Acceso restringido

MARC

LEADER 00000nam a22000007a 4500
005 20190521010051.0
007 cr|||| ||||
008 190521s2010 co |||||s|||| 00||0 spa d
020 |a 978-958-695-485-3 
035 |a 23306 
040 |a vLex 
090 |c 8782  |d 8782 
100 1 |a Bonilla Maldonado, Daniel 
245 1 0 |a Justicia colectiva, medio ambiente y democracia participativa  |h [Recurso electrn̤ico] /  |c Daniel Bonilla Maldonado 
256 |a Servicio en ln̕ea 
260 |a Bogot:̀  |b Universidad de Los Andes (Colombia),  |c 2010 
300 |a 1 recurso electrn̤ico 
506 1 |a Disponible solo en los productos indicados  |d vLex Global  |d vLex Global (Academic Edition, excluding Law Schools)  |d vLex Global (U.S. Academic Edition, Law Schools)  |d vLex Global (U.S. Academic Edition, excluding Law Schools)  |d vLex Global (Academic Edition, Law Schools) 
650 0 4 |a Derecho Pb︢lico y Administrativo  |z Colombia 
740 0 |a vLex Libros (Servicio en ln̕ea) 
856 4 0 |u http://vlex.com/source/justicia-colectiva-medio-ambiente-democracia-participativa-23306  |z Acceso restringido 
942 |c BOOK 
999 0 |a Public and Administrative Law